Landlocked Countries Containing V - Statistics

General Stats
  • This quiz has been taken 22 times
    16 since last reset
  • The average score is 4 of 5
Answer Stats
Country % Correct
Vatican City
93%
Bolivia
79%
Slovakia
79%
Moldova
71%
Kosovo
64%
No matching quizzes found
Score Distribution
Percent of People with Each Score
Percentile by Number Answered
Your Score History
You have not taken this quiz since the last reset